Programa Respir : Servei residencial d'estades temporals per a persones amb discapacitat intel·lectual Servei residencial d'estades temporals per a persones amb discapacitat intel·lectual
Publicado:
Barcelona :
Diputació de Barcelona. Gerència de Serveis Residencials d'Estades Temporals i Respir ,
2015
Descripción Física:
1 targeta de visita desplegable ; il. col. ; 9 x 6 cm.
Idioma:
Catalán
MARC
| LEADER | 00000nrm a22000007a 4500 | ||
|---|---|---|---|
| 001 | 27199 | ||
| 003 | Arxiu | ||
| 005 | 20260324181148.0 | ||
| 008 | 221227b spa||||| |||| 00| 0 cat d | ||
| 017 | |a B 8441-2015 | ||
| 040 | |a agdb |b cat | ||
| 041 | |a cat | ||
| 245 | |a Programa Respir : |b Servei residencial d'estades temporals per a persones amb discapacitat intel·lectual | ||
| 260 | |a Barcelona : |b Diputació de Barcelona. Gerència de Serveis Residencials d'Estades Temporals i Respir ; |c 2015 | ||
| 300 | |a 1 targeta de visita desplegable ; |b il. col. ; |c 9 x 6 cm. | ||
| 501 | |a Conté els telèfons d'atenció del Servei. | ||
| 650 | 0 | |a Persones amb discapacitat |x Assistència institucional |9 49282 | |
| 655 | 0 | |9 54987 |a Targetes de visita | |
| 942 | |2 udc |c ARXIU |n 1 | ||
| 952 | |0 0 |1 0 |2 udc |4 0 |6 NBM16119 |7 1 |9 64940 |a Arxiu |b Arxiu |d 2022-12-27 |l 0 |o NBM-16-119 |p 27199 |r 2022-12-27 00:00:00 |w 2022-12-27 |y ARXIU | ||
| 999 | |c 82900 |d 82900 | ||